Central Library OPAC University of Rajshahi

The old churches of London / (Record no. 16473)

MARC details
000 -LEADER
fixed length control field 00772nam a22002532a 4500
001 - CONTROL NUMBER
control field 16473
003 - CONTROL NUMBER IDENTIFIER
rucl marc code BD-RjUL
005 - DATE AND TIME OF LATEST TRANSACTION
control field 20211209000020.0
008 - FIXED-LENGTH DATA ELEMENTS--GENERAL INFORMATION
fixed length control field 140213t1948 e 001 0 eng u
035 ## - SYSTEM CONTROL NUMBER
System control number (BD-RjUL)16528
040 ## - CATALOGING SOURCE
Original cataloging agency MIA
Modifying agency EQO
-- BD-RjUL
Language of cataloging eng
Transcribing agency BD-RjUL
041 ## - LANGUAGE CODE
Language code of text/sound track or separate title eng
082 04 - DEWEY DECIMAL CLASSIFICATION NUMBER
Classification number 726.5
Author mark and year COO 1948
100 1# - MAIN ENTRY--PERSONAL NAME
Personal name Cobb, Gerald.
9 (RLIN) 50932
245 14 - TITLE STATEMENT
Title The old churches of London /
Statement of responsibility, etc. with an introd. by Geoffrey Webb
250 ## - EDITION STATEMENT
Edition statement 3rd ed. rev.
260 ## - PUBLICATION, DISTRIBUTION, ETC. (IMPRINT)
Place of publication, distribution, etc. London ;
-- New York :
Name of publisher, distributor, etc. B. T. Batsford,
Date of publication, distribution, etc. 1948.
300 ## - PHYSICAL DESCRIPTION
Pagination x, 116 p. :
Illustrations illus. (part col.) ;
Size 24 cm.
504 ## - BIBLIOGRAPHY, ETC. NOTE
Bibliography, etc includes index.
650 #0 - SUBJECT ADDED ENTRY--TOPICAL TERM
Topical term or geographic name as entry element Church architecture
Geographic subdivision England
-- London
9 (RLIN) 50933
651 #0 - SUBJECT ADDED ENTRY--GEOGRAPHIC NAME
Geographic name London (England)
General subdivision Churches
9 (RLIN) 50934
942 ## - ADDED ENTRY ELEMENTS (KOHA)
Source of classification or shelving scheme Dewey Decimal Classification
Koha item type Books
Holdings
Lost status Source of classification or shelving scheme Damaged status Not for loan Collection code Permanent Location Current Location Shelving location Date acquired Source of acquisition Cost, normal purchase price Total Checkouts Full call number Date last seen Copy number Koha item type
  Dewey Decimal Classification   Not For Loan Non-fiction Central Library, University of Rajshahi Central Library, University of Rajshahi Reading Room 31/07/1957 A.B.C. 11.60   726.5 COO 1948 13/02/2014 C-1 Books